1233 1702 1164 1258 1947 1386 1921 1187 1902 1430 1184 1226 1450 1239 1266 1846 1290 1314 1279 1133 1516 1785 2000 1557 1519 1638 1748 1952 1494 1772 1621 1258 1165 1365 1144 1671 1016 1096 1428 1918 1641 1651 1419 1586 1794 1672 1976 1324 1503 1586 1187 1306 1713 1221 1056 1087 1693 1085 1340 1024 1028 1548 1627 1144 1563 1777 1987 1955 1486 1840 1313 1239 1665 1118 1996 1139 1840 1027 1561 1597 1902 1874 1456 1588 1002 1484 1354 1323 1047 1025 1585 1067 1853 1892 1267 1536 1862 1057 1237 BCNSPRNW ULIB Ver.6.0+V

เปลี่ยนเป็นภาษาไทย

Change to English
 แสดงรายละเอียดบรรณานุกรม
  กลับหน้าหลัก

Brief Record : Get Marc (ISO 2709) : E-mail record : QR code < ปิดหน้าต่าง
LEADER : 00000nam 2200000uu 4500
001    13399113601
003     ULIB
008    111207s2553||||th 000 0 tha d
020    ^a9786117123153
090    ^aนว.^bว130พ 2553
100 0  ^aวงศ์วริศ
245 00 ^aเพียงเสี้ยวใจ/^cวงศ์วริศ
250    ^aพิมพ์ครั้งที่ 1
260    ^aกรุงเทพฯ :^bกรีนมายด์,^c2553
300    ^a214 หน้า
710 1  ^aกรีนมายด์
945    ^p169^l0^i17053
995    ^aทศพร
999 ^a ทศพร
รายการนี้ยังไม่มีแท็ก
คุณยังไม่ได้ล็อกอิน คุณสามารถมีกิจกรรมร่วมกับเว็บไซต์ได้ แต่ต้องล็อกอินก่อน ::
  ล็อกอิน

รายการสื่อสารสนเทศ

ลำดับที่ ประเภท เลขเรียก/บาร์โค้ด สถานที่ สถานะ
1. นวนิยาย
นวนิยาย
นว. ว130พ 2553 ฉ.1 
  Barcode: 17053
ห้องสมุดวิทยาเขตสวรรค์ประชารักษ์
►นวนิยาย
บนชั้น
  ขอยืม

BibComment


ยังไม่เคยถูกคอมเมนท์

คอมเมนท์ทรัพยากรรายการนี้
  คอมเมนท์: เพียงเสี้ยวใจ วง..


 Copyright 2026. Bcnsprnw @Library